000
00239 a2200109 4500
003
Nust
005
20170207154223.0
040
_c
Nust
082
_a
371.33
245
_a
New York Corps (VHS-130)
440
_a
New York Corps (VHS-130)
538
_a
Duration in Minutes-125
999
_c
195421
_d
195421